[Event "BL 2016-17"]
[Site "Germany"]
[Date "2017.04.08"]
[Round "11"]
[White "Walter, Stefan"]
[Black "Zysk, Robert"]
[Result "1/2-1/2"]
[WhiteElo "2416"]
[BlackElo "2398"]
[Annotator "NA"]
[PlyCount "70"]
[EventDate "2017.??.??"]
[EventType "team-tourn"]
[EventCountry "GER"]
[SourceTitle "playchess.com"]
[Source "ChessBase"]
[SourceQuality "1"]
[WhiteTeam "Griesheim"]
[BlackTeam "Zugzwang München"]
[TimeControl "40/6000+30:3000+30"]

1. Nf3 {[%emt 0:00:00]} c5 {[%emt 0:07:27]} 2. g3 {[%emt 0:03:03]} Nc6 {[%emt 0:01:58]} 3. Bg2 {[%emt 0:00:25]} g6 {[%emt 0:05:21]} 4. O-O {[%emt 0:02:21]} Bg7 {[%emt 0:00:13]} 5. c3 {[%emt 0:04:35]} e5 {[%emt 0:19:34]} 6. e4 {[%emt 0:05:04]} Nge7 {[%emt 0:01:28]} 7. d3 {[%emt 0:01:14]} O-O {[%emt 0:02:57] LiveBook: 249 Games} 8. Na3 {[%emt 0:22:03] A04: Unusual lines after 1 Nf3 and King's Indian Attack} (8. a3 d6 9. b4 b6 10. b5 Na5 11. c4 h6 12. a4 Be6 13. Bd2 f5 14. Bxa5 bxa5 15. Nbd2 f4 16. Nb3 g5 17. Re1 Ng6 {0-1 (35) Kozul,Z (2613)-Dominguez Perez,L (2739) Doha 2016}) 8... b6 {[%emt 0:08:29]} 9. Nc4 {[%emt 0:05:21]} d6 $146 {[%emt 0:00:30]} (9... d5 10. exd5 Nxd5 11. Re1 Bg4 12. h3 b5 13. Ncxe5 Nxe5 14. hxg4 Nxg4 15. Nh4 Ngf6 16. c4 g5 17. Nf5 Qd7 18. Nxg7 Kxg7 19. cxd5 h6 20. Be3 Nxd5 21. Bxc5 Rfe8 22. Bxd5 f6 23. Qb3 {1-0 (23) Royer,O-Espinoza,F Brazil CXEB 1997}) 10. Bd2 {[%emt 0:06:43]} h6 {[%emt 0:01:38]} 11. a4 {[%emt 0:06:25]} Be6 {[%emt 0:01:20]} 12. Qe2 {[%emt 0:02:09]} Qd7 {[%emt 0:06:22]} 13. b4 {[%emt 0:06:47]} cxb4 {[%emt 0:03:46]} 14. cxb4 {[%emt 0:00:08]} Bg4 {[%emt 0:02:15]} 15. Qe1 {[%emt 0:01:52]} Rae8 {[%emt 0:14:36]} (15... Bxf3 $11 16. Bxf3 Nd4) 16. b5 {[%emt 0:07:23]} Nd8 {[%emt 0:00:32]} 17. a5 {[%emt 0:00:07]} Nc8 {[%emt 0:01:36]} 18. Qb1 $14 {[%emt 0:05:03]} Nb7 {[%emt 0:06:14]} 19. axb6 {[%emt 0:01:40]} axb6 {[%emt 0:00:05]} 20. Ra8 {[%emt 0:05:32]} Nc5 {[%emt 0:05:32]} 21. Rxc8 {[%emt 0:03:56]} Qxc8 {[%emt 0:00:15]} 22. Nxd6 {[%emt 0:00:14]} Qd7 {[%emt 0:00:08]} 23. Nxe8 {[%emt 0:00:07]} Rxe8 {[%emt 0:00:05]} 24. Be3 {[%emt 0:01:01]} Rd8 {[%emt 0:05:50]} 25. Bxc5 {[%emt 0:10:12]} bxc5 {[%emt 0:00:06]} 26. b6 {[%emt 0:00:13]} Rb8 {[%emt 0:04:08]} 27. Qb3 {[%emt 0:04:44]} Be6 {[%emt 0:01:31]} 28. Qc3 {[%emt 0:00:04]} Qd6 {[%emt 0:04:31]} 29. Rb1 {[%emt 0:04:32]} Rxb6 {[%emt 0:00:36]} 30. Rxb6 {[%emt 0:00:02]} Qxb6 {[%emt 0:00:11]} 31. Nd2 {[%emt 0:00:04]} Qb4 {[%emt 0:00:46]} 32. Qc2 {[%emt 0:00:01]} h5 {[%emt 0:01:02]} 33. Bf1 {[%emt 0:00:17]} Bh6 {[%emt 0:02:03]} 34. Nc4 {[%emt 0:00:02]} f6 {[%emt 0:01:30]} 35. Qa2 {[%emt 0:00:01]} Bxc4 {[%emt 0:00:56]} 1/2-1/2

[Event "BL 2016-17"]
[Site "Germany"]
[Date "2017.04.08"]
[Round "11"]
[White "Beerdsen, Thomas"]
[Black "Kolbus, Dietmar"]
[Result "1-0"]
[WhiteElo "2415"]
[BlackElo "2308"]
[Annotator "ChessBase"]
[PlyCount "145"]
[EventDate "2017.??.??"]
[EventType "team-tourn"]
[EventCountry "GER"]
[SourceTitle "playchess.com"]
[Source "ChessBase"]
[SourceQuality "1"]
[WhiteTeam "Mülheim Nord"]
[BlackTeam "SG Trier"]
[TimeControl "40/6000+30:3000+30"]

1. e4 {[%emt 0:00:00]} e5 {[%emt 0:00:05]} 2. Nf3 {[%emt 0:00:00]} Nf6 {[%emt 0:00:05]} 3. Nc3 {[%emt 0:00:00]} Bb4 {[%emt 0:00:04]} 4. Bd3 {[%emt 0:00:51]} Bxc3 {[%emt 0:02:55]} 5. dxc3 {[%emt 0:01:42]} d6 {[%emt 0:01:06]} 6. O-O {[%emt 0:10:37]} O-O {[%emt 0:01:41]} 7. Qe2 {[%emt 0:05:01]} Nbd7 {[%emt 0:01:58]} 8. Be3 {[%emt 0:01:03]} Re8 {[%emt 0:01:13]} 9. Nd2 {[%emt 0:02:07]} Nf8 {[%emt 0:01:45]} 10. f4 {[%emt 0:03:12]} exf4 {[%emt 0:00:20]} 11. Bxf4 {[%emt 0:04:03]} Bg4 {[%emt 0:05:11]} 12. Qf2 {[%emt 0:01:16]} N6d7 {[%emt 0:10:34]} 13. Nc4 {[%emt 0:12:01]} Be6 {[%emt 0:05:41]} 14. e5 {[%emt 0:02:41]} dxe5 {[%emt 0:07:02]} 15. Nxe5 {[%emt 0:01:55]} Nxe5 {[%emt 0:00:34]} 16. Bxe5 {[%emt 0:00:05]} Ng6 {[%emt 0:00:15]} 17. Bd4 {[%emt 0:02:18]} Qg5 {[%emt 0:10:01]} 18. Rae1 {[%emt 0:05:07]} Bd5 {[%emt 0:12:31]} 19. Re3 {[%emt 0:05:02]} Rxe3 {[%emt 0:01:02]} 20. Bxe3 {[%emt 0:00:05]} Qe7 {[%emt 0:02:46]} 21. c4 {[%emt 0:06:10]} Be6 {[%emt 0:03:12]} 22. Bd4 {[%emt 0:06:44]} a6 {[%emt 0:03:40]} 23. Bc3 {[%emt 0:01:08]} Rd8 {[%emt 0:05:29]} 24. b3 {[%emt 0:01:01]} Rd7 {[%emt 0:04:27]} 25. Re1 {[%emt 0:01:46]} Qd8 {[%emt 0:04:36]} 26. Re3 {[%emt 0:02:13]} c6 {[%emt 0:03:46]} 27. Rg3 {[%emt 0:01:04]} Qh4 {[%emt 0:05:53]} 28. Bxg7 {[%emt 0:00:38]} Qh5 {[%emt 0:07:12]} 29. Bc3 {[%emt 0:00:50]} Qd1+ {[%emt 0:00:30]} 30. Bf1 {[%emt 0:05:34]} f5 {[%emt 0:03:42]} 31. Re3 {[%emt 0:00:29]} Kf7 {[%emt 0:00:54]} 32. Re1 {[%emt 0:00:21]} Qg4 {[%emt 0:01:17]} 33. Be2 {[%emt 0:00:05]} Qg5 {[%emt 0:00:24]} 34. Rf1 {[%emt 0:01:18]} Ke8 {[%emt 0:01:29]} 35. Bd3 {[%emt 0:01:21]} f4 {[%emt 0:02:01]} 36. Re1 {[%emt 0:01:13]} Kf7 {[%emt 0:00:09]} 37. Qe2 {[%emt 0:02:53]} Re7 {[%emt 0:00:29]} 38. Bb4 {[%emt 0:04:44]} Re8 {[%emt 0:00:06]} 39. Rf1 {[%emt 0:01:27]} Bf5 {[%emt 0:02:05]} 40. Qd2 {[%emt 0:01:44]} Bxd3 {[%emt 0:51:04]} 41. Qxd3 {[%emt 0:53:36]} Rd8 {[%emt 0:00:59]} 42. Qf3 {[%emt 0:09:41]} Kg7 {[%emt 0:00:00]} 43. Bc3+ {[%emt 0:00:00]} Kf7 {[%emt 0:00:00]} 44. Kh1 {[%emt 0:00:00]} Qf5 {[%emt 0:00:00]} 45. Qf2 {[%emt 0:00:00]} Re8 {[%emt 0:00:00]} 46. Qd4 {[%emt 0:00:00]} Re7 {[%emt 0:00:00]} 47. Rf2 {[%emt 0:00:00]} Ke8 {[%emt 0:00:00]} 48. h3 {[%emt 0:00:00]} Qe4 {[%emt 0:00:00]} 49. Qxe4 {[%emt 0:00:00]} Rxe4 {[%emt 0:00:00]} 50. Kg1 {[%emt 0:00:00]} Kf7 {[%emt 0:00:00]} 51. Rd2 {[%emt 0:00:00]} Re3 {[%emt 0:00:00]} 52. Bd4 {[%emt 0:00:00]} Re1+ {[%emt 0:00:00]} 53. Kf2 {[%emt 0:00:00]} Rc1 {[%emt 0:00:00]} 54. Kf3 {[%emt 0:00:00]} h5 {[%emt 0:00:00]} 55. Re2 {[%emt 0:00:00]} Rd1 {[%emt 0:00:00]} 56. Bc3 {[%emt 0:00:00]} Rf1+ {[%emt 0:00:00]} 57. Ke4 {[%emt 0:00:00]} Ke6 {[%emt 0:00:00]} 58. Bd2 {[%emt 0:00:00]} Kf6 {[%emt 0:00:25]} 59. a4 {[%emt 0:00:00]} Ke6 {[%emt 0:00:21]} 60. a5 {[%emt 0:00:00]} c5 {[%emt 0:02:50]} 61. Be1 {[%emt 0:00:00]} Kf6 {[%emt 0:02:07]} 62. Bf2 {[%emt 0:00:00]} Ra1 {[%emt 0:00:29]} 63. b4 {[%emt 0:00:00]} Ra3 {[%emt 0:01:01]} 64. Bxc5 {[%emt 0:00:00]} Ke6 {[%emt 0:00:23]} 65. Rd2 {[%emt 0:01:09]} Rg3 {[%emt 0:00:26]} 66. Rd6+ {[%emt 0:01:39]} Kf7 {[%emt 0:00:06]} 67. Rd7+ {[%emt 0:00:09]} Kf6 {[%emt 0:00:27]} 68. Rxb7 {[%emt 0:00:39]} Rxg2 {[%emt 0:00:06]} 69. b5 {[%emt 0:00:14]} Rxc2 {[%emt 0:00:34]} 70. bxa6 {[%emt 0:00:11]} Rxc4+ {[%emt 0:00:14]} 71. Bd4+ {[%emt 0:00:27]} Kg5 {[%emt 0:00:14]} 72. a7 {[%emt 0:00:05]} Rc8 {[%emt 0:00:10]} 73. Rb8 {[%emt 0:00:04]} 1-0

[Event "BL 2016-17"]
[Site "Germany"]
[Date "2017.04.08"]
[Round "11"]
[White "Johansson, Linus"]
[Black "Buhmann, Rainer"]
[Result "1-0"]
[WhiteElo "2408"]
[BlackElo "2609"]
[Annotator "TA"]
[PlyCount "71"]
[EventDate "2017.??.??"]
[EventType "team-tourn"]
[EventCountry "GER"]
[SourceTitle "playchess.com"]
[Source "ChessBase"]
[SourceQuality "1"]
[WhiteTeam "Bayern München"]
[BlackTeam "Hockenheim"]

{[%evp 16,71,4,7,22,-2,0,-4,0,0,-6,-14,6,13,12,5,12,11,31,0,30,16,18,17,16,0,0,0,16,-48,-9,-50,-4,0,45,35,10,10,28,17,14,0,70,0,0,0,0,0,331,325,305,289,237,92,86,90,88,97]} 1. d4 Nf6 2. c4 e6 3. Nc3 Bb4 4. e3 b6 5. Nge2 Ne4 6. Qc2 Bb7 7. a3 Bxc3+ 8. Nxc3 Nxc3 9. Qxc3 d6 {E44: Nimzo-Indian: Rubinstein: 4...b6 5 Ne2} (9... O-O 10. b4 Qh4 11. Bb2 d6 12. d5 Qh6 13. Rd1 Nd7 14. Be2 Rae8 15. O-O f5 16. dxe6 Rxe6 17. c5 Ne5 18. cxd6 cxd6 19. Qc7 Nf3+ 20. Bxf3 Bxf3 21. Qc4 d5 22. Rxd5 Qh3 {0-1 (22) Tregubov,P (2585)-Moiseenko,A (2657) Doha 2016}) 10. d5 O-O 11. b4 $146 (11. e4 Re8 12. Be3 exd5 13. exd5 Nd7 14. Be2 a5 15. b3 f5 16. Ra2 Qh4 17. O-O {½-½ (52) Uwira,O (2233)-Camacho Collados,M (2440) Hessen 2015}) 11... a5 {The position is equal.} 12. Bb2 {[%csl Gb2][%cal Rc3g7]} Qg5 13. h4 {[%cal Bh2h4,Bh4h5,Bh5h6][%mdl 32]} Qh6 14. g4 axb4 15. axb4 Rxa1+ 16. Bxa1 Qg6 17. Be2 Nd7 18. h5 Qf6 19. Qc1 Qe7 20. Qc3 {[%csl Ga1][%cal Rc3g7]} f6 21. h6 g6 22. g5 (22. f3 $11) 22... e5 23. gxf6 Qxf6 {[#]} 24. f4 $1 {[%mdl 512] aiming for Bg4.} Qf5 (24... exf4 25. Qxf6) 25. Qd3 Qxd3 ({Don't take} 25... exf4 $2 26. Qxf5 Rxf5 27. Bg4 $18) 26. Bxd3 b5 ({Of course not} 26... exf4 $6 27. Bxg6 $1 {[%mdl 512]} Ra8 28. Kf2 $16) 27. cxb5 Bxd5 28. Rh2 exf4 (28... Ra8 $11 29. Bb2 Ra2) 29. Bg7 ({White should play} 29. Rc2 $1 $14) 29... Re8 ({Don't play} 29... fxe3 $6 30. Bxf8 Nxf8 31. Ke2 $16) 30. Rc2 $1 {[%cal Rc2c7]} Rxe3+ 31. Kd2 Be4 $2 {[%mdl 8192]} (31... Rh3 $11 {and Black stays safe.} 32. Rxc7 Rh2+ 33. Ke1 Rh1+ 34. Ke2 Nb6) 32. Bxe4 $18 Rxe4 33. Rxc7 Nb6 {[#]} 34. Rc6 (34. Rb7 $1 $18) 34... Na4 $16 35. Rxd6 {Strongly threatening Rf6.} Rxb4 36. Rf6 1-0

[Event "BL 2016-17"]
[Site "Germany"]
[Date "2017.04.08"]
[Round "11"]
[White "Schaefer, Markus"]
[Black "Van Foreest, Lucas"]
[Result "0-1"]
[WhiteElo "2403"]
[BlackElo "2477"]
[Annotator "TA"]
[PlyCount "82"]
[EventDate "2017.??.??"]
[EventType "team-tourn"]
[EventCountry "GER"]
[SourceTitle "playchess.com"]
[Source "ChessBase"]
[SourceQuality "1"]
[WhiteTeam "Solingen"]
[BlackTeam "Aufwärts Aachen"]

{[%evp 17,82,0,0,0,0,0,0,0,0,0,17,20,17,26,13,0,0,0,0,0,0,-20,-21,-27,-27,-20,-16,-72,-70,-70,-73,-307,-292,-314,-312,-429,-428,-418,-416,-409,-408,-398,-395,-478,-463,-531,-532,-522,-526,-526,-515,-492,-513,-500,-500,-806,-810,-809,-776,-5077,-5069,-5061,-4718,-1584,-1227,-835,-826]} 1. e4 e5 2. Nf3 Nc6 3. d4 exd4 4. Nxd4 Nf6 5. Nc3 Bb4 6. Nxc6 bxc6 7. Bd3 O-O 8. O-O d5 9. exd5 cxd5 10. h3 {C47: Scotch Four Knights and Four Knights with 4 g3} c6 11. Qf3 Bd6 12. Re1 {The position is equal.} Bd7 13. b3 $146 (13. Bf4 Bxf4 14. Qxf4 Qb8 15. Qf3 Qd6 16. Qg3 Qxg3 17. fxg3 Rfe8 {½-½ (59) Howell,D (2698)-Postny,E (2642) Leiden 2015}) 13... Qc7 14. Bb2 Rae8 15. Na4 Re6 16. Bf5 Rxe1+ 17. Rxe1 Bxf5 18. Qxf5 Ne4 19. c4 Bh2+ 20. Kh1 Bf4 21. cxd5 cxd5 22. Qxd5 (22. Kg1 $11) 22... Nxf2+ $40 {[%mdl 128] Black attacks.} 23. Kg1 Bh2+ $1 24. Kxf2 $2 (24. Kf1 $17 Nh1 25. Be5 Ng3+ 26. Bxg3 Bxg3 27. Rd1) 24... Bg3+ $19 25. Kf1 {Be5 is the strong threat.} Bxe1 26. Kxe1 Re8+ 27. Kf1 Qf4+ $1 28. Qf3 Qd2 {[%csl Gd2][%cal Re8e1]} 29. Be5 {[#]} ({Don't play} 29. Kg1 Re1+ 30. Kh2 Qd6+ 31. Qg3 (31. g3 $2 Qd2+ 32. Qg2 Re2 33. Qxe2 Qxe2+ $19) 31... Rh1+ $1 {[%mdl 512]} 32. Kxh1 Qxg3 $19) 29... f6 $1 {[%cal Bf7f6,Bf6e5][%mdl 32]} ({And not} 29... Qxa2 30. Kg1 $11) ({Resist} 29... Qc1+ 30. Kf2 Qd2+ 31. Kf1 Qc1+ 32. Kf2 Qd2+ 33. Kf1 $19) 30. Nc3 fxe5 {Black is clearly winning.} 31. Qd5+ Qxd5 32. Nxd5 {[%mdl 4096] Endgame KR-KN} Rd8 33. Ne7+ Kf7 34. Nc6 Rd2 35. a4 Ke6 36. b4 (36. Nxa7 $142 Rb2 37. Nb5) 36... a6 37. a5 Rb2 38. Nb8 Rxb4 39. Nxa6 Rb1+ 40. Ke2 Kd6 41. Kd3 Rb5 0-1

[Event "BL 2016-17"]
[Site "Jenbach"]
[Date "2017.04.22"]
[Round "11"]
[White "Volkmann, Friedrich Karl"]
[Black "Kessler, Luca"]
[Result "1/2-1/2"]
[WhiteElo "2402"]
[BlackElo "2454"]
[Annotator "TA"]
[PlyCount "69"]
[EventDate "2017.??.??"]
[EventCountry "AUT"]
[SourceTitle "playchess.com"]
[Source "ChessBase"]
[SourceQuality "1"]
[WhiteTeam "Wulkaprodersdorf"]
[BlackTeam "Götzis"]

{[%evp 26,69,18,6,53,26,35,10,1,6,8,-11,-6,-18,0,0,0,-7,0,-28,-35,-60,-13,-60,-69,-60,-74,-73,-26,-26,-33,-62,0,0,0,0,0,0,0,0,0,0,0,0,22,0]} 1. d4 d5 2. c4 c6 3. Nf3 Nf6 4. Nc3 dxc4 5. a4 Bf5 6. e3 {[%cal Be2e3,Be3e4,Be4e5][%mdl 32]} e6 7. Bxc4 Bb4 8. O-O O-O 9. Qe2 Nbd7 10. e4 Bg6 11. Bd3 Bh5 12. e5 Nd5 13. Nxd5 cxd5 14. Qe3 Bg6 {D19: Slav Defence: 5 a4 Bf5 6 e3: Main line with 9 Qe2} (14... Re8 15. Bd2 Qa5 16. Qe1 Bxd2 17. Qxd2 Qxd2 18. Nxd2 Nb8 19. Rfc1 Nc6 20. Bb5 Reb8 21. Nb3 a6 22. Bf1 {½-½ (56) Wojtaszek,R (2750)-Aronian,L (2780) Wijk aan Zee 2017}) 15. Ng5 {[#] Bxg6 is the strong threat.} Re8 $1 16. f4 Bxd3 17. Qxd3 f5 {[#]} 18. Qh3 $146 (18. Be3 a6 19. Kh1 Nf8 20. Rg1 Be7 21. Nf3 Rc8 22. g4 fxg4 23. Rxg4 {0-1 (59) Laznicka,V (2677)-Bulski,K (2538) Czechia 2013}) 18... Nf8 19. g4 g6 20. gxf5 exf5 21. Qb3 a5 22. Be3 Qd7 23. Rac1 Rac8 24. Kh1 b5 25. axb5 Qxb5 26. Bd2 Rxc1 27. Rxc1 Rc8 {[#] ( -> ...Rxc1+)} 28. Rg1 Rc6 ({Black should play} 28... Qc4 $15 29. Qe3 Bxd2 30. Qxd2 Qb3) 29. Bxb4 $11 {The position is equal.} axb4 30. Qe3 {Strongly threatening e6.} Ne6 31. Nxe6 Rxe6 32. h4 {[%cal Bh2h4,Bh4h5][%mdl 32]} Kf7 33. h5 Ke8 34. Rc1 Rc6 35. Re1 1/2-1/2

[Event "BL 2016-17"]
[Site "Jenbach"]
[Date "2017.04.22"]
[Round "11"]
[White "Koop, Thorben"]
[Black "Tuncer, Ufuk"]
[Result "1-0"]
[WhiteElo "2400"]
[BlackElo "2317"]
[Annotator "TA"]
[PlyCount "171"]
[EventDate "2017.??.??"]
[EventCountry "AUT"]
[SourceTitle "playchess.com"]
[Source "ChessBase"]
[SourceQuality "1"]
[WhiteTeam "St. Veit"]
[BlackTeam "Bregenz"]

{[%evp 23,171,0,9,10,12,5,22,0,54,29,49,29,50,29,37,28,23,19,49,0,6,-27,-27,-29,-20,-36,-24,-52,-8,-8,-8,-14,-10,-14,-24,-15,-16,-23,-11,-15,-18,-27,-27,-14,-16,-72,0,-8,-7,0,0,0,54,48,48,41,47,41,56,58,73,70,97,64,62,62,84,90,89,68,64,34,72,31,62,62,78,56,72,71,60,70,88,88,88,88,88,62,64,62,84,59,98,96,94,87,93,53,54,33,33,26,26,26,26,11,18,8,33,33,33,33,33,33,33,26,33,33,33,33,33,33,33,33,187,187,187,187,150,0,5,0,150,12,599,571,633,214,214,214,599,262,245,245,238,214,29989,29990,29994,29995]} 1. d4 Nf6 2. Nf3 g6 3. g3 Bg7 4. Bg2 O-O 5. O-O d5 6. c4 Nc6 7. cxd5 Nxd5 8. e4 Nb6 9. d5 Na5 10. Nc3 c6 11. Nd4 e6 12. Nb3 {D76: Fianchetto Grünfeld: Main Line with 7...Nb6} Nac4 {LiveBook: 3 Games} 13. dxc6 bxc6 14. Qc2 {The position is equal.} Qe7 $146 (14... a5 15. a4 Qe7 16. Nd2 Ba6 17. Nxc4 Nxc4 18. b3 Qf6 19. bxc4 Qxc3 20. Qxc3 Bxc3 {0-1 (40) Wohl,A (2441)-Ni,H (2667) Olongapo City 2010}) 15. Rd1 e5 ({Black should try} 15... a5 $11) 16. Nd2 Nd6 17. a4 Bg4 18. Re1 Rab8 19. b3 Rfd8 20. Ba3 Qe8 21. h3 Be6 22. Red1 Nb7 23. Na2 c5 24. Nc3 ({But not} 24. Bxc5 Rdc8 25. b4 Nxc5 26. bxc5 Bf8 $19) 24... Na5 25. Rab1 c4 (25... Rbc8 $5 {feels hotter.} 26. Bf1 c4 27. Nxc4 Nbxc4 28. Rxd8 Qxd8 29. bxc4 Nxc4 30. Bc1 Qd4) 26. bxc4 Nbxc4 27. Nxc4 Nxc4 ({Reject} 27... Bxc4 $6 28. Rxd8 Qxd8 29. Nd5 $16) 28. Rxb8 Rxb8 29. Bc1 $1 Rc8 30. Qd3 h6 31. Bf1 Kh7 32. Nb5 a6 33. Nc3 $1 Qc6 34. Qb1 (34. Be2 $11 {remains equal.}) 34... Qe8 (34... Na5 $17 35. Nd5 Qxa4) 35. Qb7 Na5 36. Qxa6 Nb3 37. Bb2 Rc6 (37... Nd4 $11) 38. Bb5 (38. Qb7 $5 {seems wilder.} Rc8 39. Qb5 Qf8 40. Nd5 Rb8 41. Qc4) 38... Rxa6 39. Bxe8 Nd4 40. Bb5 Ra8 41. Kg2 Bb3 42. Ra1 Bf8 43. Ne2 Nxb5 44. axb5 Rb8 45. Bxe5 Rxb5 46. Bc3 Rb8 47. Kf3 Bc4 48. Nd4 Bg7 49. Ra4 Bb3 50. Ra3 (50. Ra7 $5 {looks sharper.} Rc8 51. Ba1 Bc4 52. Ne2 Bf8 53. Nf4) 50... Bd1+ 51. Ke3 Bxd4+ 52. Kxd4 $16 {[%mdl 4096] Endgame KRB-KRB} Bb3 53. Ke3 Be6 54. Ra7 Kg8 55. g4 g5 56. f3 Rc8 57. Be5 Re8 58. Bf6 Kh7 59. h4 Kg6 60. hxg5 (60. Be7 $5 {with more complications.} gxh4 61. Bxh4 Rc8 62. Ra5 Rc3+ 63. Kf4) 60... hxg5 61. e5 Rc8 62. Ra5 Rc3+ 63. Kf2 Bc8 64. Rb5 Bd7 65. Rb8 {Threatens to win with Rg8+.} Rc8 66. Rb6 Be6 67. Rd6 Rc7 68. Kg2 Rd7 69. Rb6 {Rb8 is the strong threat.} Rc7 70. Kg3 Rc3 71. Rb8 {Strongly threatening Rg8+.} Rc8 72. Rb2 Rc3 73. Rd2 Bc8 $2 {[#]} ({Better is} 73... Rc4 $14) 74. Rd8 $1 $18 {[%cal Rd8g8]} Bb7 75. Rg8+ Kh6 76. Rh8+ ({Resist} 76. Rxg5 $6 Rxf3+ 77. Kh4 Rf4 $14) (76. Bxg5+ $16 Kh7 77. Rd8) 76... Kg6 $11 77. Rg8+ (77. Kh2 $11) 77... Kh6 $1 $16 78. Rxg5 ({White must play} 78. Bxg5+ $16 Kh7 79. Rd8) 78... Bxf3 $2 {[%mdl 8192] [#]} (78... Rxf3+ $11 {and Black has nothing to worry.} 79. Kh4 Rf4) 79. e6 $1 $18 {[%mdl 512]} Rb3 (79... fxe6 80. Rh5+) 80. e7 $2 (80. exf7 Bd5+ 81. Kh4 Bxf7 82. Rg7) 80... Bc6+ 81. Kh4 {aiming for Bg7+.} Rf3 $2 (81... Rb4 {is tougher.} 82. Bg7+ Kh7) 82. Rc5 (82. Rg8 $142 {White wants to mate with g5+.} Rxf6 83. Rc8) 82... Bd7 83. Rd5 Ba4 84. Rd6 Kh7 $2 (84... Kg6 $18 85. Bd4+ f6) 85. Kg5 Re3 86. Rd8 1-0

[Event "BL 2016-17"]
[Site "Germany"]
[Date "2017.04.08"]
[Round "11"]
[White "Koop, Thorben"]
[Black "Hoffmann, Paul"]
[Result "1/2-1/2"]
[WhiteElo "2398"]
[BlackElo "2386"]
[Annotator "ChessBase"]
[PlyCount "99"]
[EventDate "2017.??.??"]
[EventType "team-tourn"]
[EventCountry "GER"]
[SourceTitle "playchess.com"]
[Source "ChessBase"]
[SourceQuality "1"]
[WhiteTeam "Werder Bremen"]
[BlackTeam "TU Dresden"]
[TimeControl "40/6000+30:3000+30"]

1. Nf3 {[%emt 0:00:00]} Nf6 {[%emt 0:00:06]} 2. g3 {[%emt 0:00:10]} d5 {[%emt 0:03:21]} 3. Bg2 {[%emt 0:01:09]} e6 {[%emt 0:01:55]} 4. O-O {[%emt 0:01:02]} Be7 {[%emt 0:00:11]} 5. d4 {[%emt 0:02:43]} O-O {[%emt 0:00:26]} 6. c4 {[%emt 0:00:29]} c6 {[%emt 0:00:49]} 7. Nc3 {[%emt 0:03:57]} b6 {[%emt 0:02:30]} 8. b3 {[%emt 0:02:18]} Ba6 {[%emt 0:03:42]} 9. Bb2 {[%emt 0:02:58]} b5 {[%emt 0:06:20]} 10. Ne5 {[%emt 0:10:47]} b4 {[%emt 0:10:30]} 11. Na4 {[%emt 0:05:14]} Nfd7 {[%emt 0:03:35]} 12. cxd5 {[%emt 0:13:06]} cxd5 {[%emt 0:01:32]} 13. Qd2 {[%emt 0:03:51]} Nxe5 {[%emt 0:04:22]} 14. dxe5 {[%emt 0:00:12]} Bb5 {[%emt 0:00:28]} 15. Rac1 {[%emt 0:07:06]} Na6 {[%emt 0:00:36]} 16. Rfd1 {[%emt 0:07:19]} Qa5 {[%emt 0:10:01]} 17. e4 {[%emt 0:05:34]} d4 {[%emt 0:02:19]} 18. Bxd4 {[%emt 0:03:25]} Bxa4 {[%emt 0:05:23]} 19. bxa4 {[%emt 0:00:06]} Qxa4 {[%emt 0:00:18]} 20. Rc4 {[%emt 0:04:39]} Rfd8 {[%emt 0:07:21]} 21. Rdc1 {[%emt 0:02:34]} h6 {[%emt 0:29:07]} 22. Qb2 {[%emt 0:03:33]} Qa3 {[%emt 0:03:23]} 23. Qb1 {[%emt 0:02:12]} Bg5 {[%emt 0:02:40]} 24. Rd1 {[%emt 0:05:13]} Rd7 {[%emt 0:02:05]} 25. h4 {[%emt 0:01:47]} Be7 {[%emt 0:00:53]} 26. Rdc1 {[%emt 0:02:43]} Rad8 {[%emt 0:01:16]} 27. Be3 {[%emt 0:02:04]} Qa5 {[%emt 0:02:24]} 28. Qb2 {[%emt 0:01:58]} Nc7 {[%emt 0:02:17]} 29. Bf1 {[%emt 0:04:06]} Nb5 {[%emt 0:00:53]} 30. Bc5 {[%emt 0:02:56]} Bxc5 {[%emt 0:01:39]} 31. Rxc5 {[%emt 0:00:14]} a6 {[%emt 0:00:12]} 32. Bxb5 {[%emt 0:06:11]} axb5 {[%emt 0:00:10]} 33. Rc8 {[%emt 0:01:19]} Kh7 {[%emt 0:01:25]} 34. Rxd8 {[%emt 0:00:29]} Rxd8 {[%emt 0:00:09]} 35. Rb1 {[%emt 0:01:13]} Qa3 {[%emt 0:02:05]} 36. Qxb4 {[%emt 0:01:30]} Qxa2 {[%emt 0:01:05]} 37. Qxb5 {[%emt 0:00:48]} Rd2 {[%emt 0:00:11]} 38. Rf1 {[%emt 0:00:40]} Qa7 {[%emt 0:00:18]} 39. Qb4 {[%emt 0:01:03]} Ra2 {[%emt 0:00:33]} 40. Qc4 {[%emt 0:00:41]} Rb2 {[%emt 0:50:50]} 41. Qc3 {[%emt 0:01:41]} Ra2 {[%emt 0:00:00]} 42. Qf3 {[%emt 0:02:13]} Ra5 {[%emt 0:00:00]} 43. Qf4 {[%emt 0:03:33]} Qc7 {[%emt 0:00:00]} 44. Re1 {[%emt 0:04:17]} Qc3 {[%emt 0:00:00]} 45. Kf1 {[%emt 0:02:58]} Rxe5 {[%emt 0:00:00]} 46. Qxf7 {[%emt 0:03:27]} Qd3+ {[%emt 0:00:00]} 47. Kg1 {[%emt 0:10:23]} Rxe4 {[%emt 0:00:00]} 48. Rc1 {[%emt 0:02:53]} Rc4 {[%emt 0:00:00]} 49. Ra1 {[%emt 0:09:48]} Qf5 {[%emt 0:00:00]} 50. Qxf5+ 1/2-1/2